Vector Machanics For Engineers (Record no. 195900)
[ view plain ]
| 000 -LEADER | |
|---|---|
| fixed length control field | 00446nam a2200157Ia 4500 |
| 008 - FIXED-LENGTH DATA ELEMENTS--GENERAL INFORMATION | |
| fixed length control field | 230714s9999 xx 000 0 und d |
| 041 ## - LANGUAGE CODE | |
| Language code of text/sound track or separate title | eng |
| 082 ## - DEWEY DECIMAL CLASSIFICATION NUMBER | |
| Classification number | 620.1 |
| Item number | BEE |
| 100 ## - MAIN ENTRY--PERSONAL NAME | |
| Personal name | Beer F.P. |
| 245 ## - TITLE STATEMENT | |
| Title | Vector Machanics For Engineers |
| Remainder of title | Statics And Dynamics (In SI Units) |
| 250 ## - EDITION STATEMENT | |
| Edition statement | 8th ed. |
| 260 ## - PUBLICATION, DISTRIBUTION, ETC. (IMPRINT) | |
| Name of publisher, distributor, etc. | Tata Mc-graw Hill Pub. |
| 365 ## - TRADE PRICE | |
| Currency code | Rs. |
| Price amount | 525.00 |
| 700 ## - ADDED ENTRY--PERSONAL NAME | |
| Personal name | Beer F.P. & Johnston E.R. |
| 906 ## - LOCAL DATA ELEMENT F, LDF (RLIN) | |
| d | B:201902-Feb-2009 |
| c | ALLEDS |
| b | 525 |
No items available.